000 01294nam a2200205 a 4500
001 000039037
005 20240510073817.0
008 130515s19uu dr 000 0 spa d
040 _aDO-SdBNP
_bspa
_cBNPHU
082 _a101
_bA347ma
100 1 _aAlcantara, Juan Féliz
_91207
245 1 0 _aManual de introducción a la filosofía /
_cJuan Féliz Alcántara.
260 _a[Santo Domingo], :
_b[Universidad Católica Madre y Maestra],
_c[19-?].
300 _a164 p. ;
_c22 cm.
504 _aBibliografía : p. 163-164
505 2 _tIntroducción --
_t¿Qué es la filosofía? --
_tEl método de la filosofía --
_tEl objeto material y el objeto formal de la filosofía --
_tValor de la filosofía --
_tDivisión de la filosofía --
_tOrigen del conocimiento --
_tLa ciencia y la filosofía
_tFilosofía y religión --
_tLos grandes temas de la filosofía --
_tVida y pensamiento de grandes filósofos
_tHeráclito --
_tDemócrito --
_tSócrates --
_tPlatón --
_tAristóteles --
_tDescartes --
_tKarl Marx --
_tEl problema fundamental de la filosofía
_tLos grandes sistemas y movimientos filosóficos --
_tIdealismo --
_tMaterialismo --
_tPositivismo --
_tExistencialismo
_t¿Qué es la lógica? --
590 _aInventariado, 2019/VM
650 0 _aFilosofía
_9813
910 _aValidado. Control de calidad MFF
999 _c38527
_d38527